00846cam a22002295a 450000500170000000800410001702000180005804000380007608200200011424500680013426000670020230000250026950000240029450400410031865000370035965100100039665300220040670000370042894200080046599900170047395201260049020171024114501.0171024s2016 enk grb 001 0 eng d a9781138264366 aEG-ScBUEbengcEG-ScBUEdEG-ScBUE04222a172.42bJUS00aJust war in comparative perspective /cedited by Paul Robinson. aOxon ;aNew York :bRoutledge / Taylor & Francis Group,c2016. aix, 233 p. ;c24 cm. aIndex : p. 230-233. aIncludes bibliographical references. 72BUEsh915507aJust war doctrine. 2BUEsh bGGENcOctober20171 a Robinson, Paul,d1966-eeditor. 2ddc c25500d25472 00102ddc40708BaccahaMAINbMAINcLOWd2017-10-24ePurchaseg690.00l0o172.42 JUSp000042204r2025-07-15 00:00:00yBB